El comulgatorio
Tallennettuna:
| Päätekijä: | |
|---|---|
| Aineistotyyppi: | Kirja |
| Kieli: | Undetermined |
| Julkaistu: |
Madrid, España
Espasa-Calpe
1977
|
| Aiheet: | |
| Tagit: |
Lisää tagi
Ei tageja, Lisää ensimmäinen tagi!
|
MARC
| LEADER | 00000nam a2200000Ia 4500 | ||
|---|---|---|---|
| 008 | 170316s9999 xx 000 0 und d | ||
| 040 | |a cru BVZT | ||
| 090 | |a 862 G-40c | ||
| 100 | |a Gracián, Baltasar | ||
| 245 | |a El comulgatorio | ||
| 260 | |a Madrid, España |b Espasa-Calpe |c 1977 | ||
| 300 | |a 201 páginas | ||
| 650 | |a LITERATURA ESPAÑOLA | ||
| 999 | |c 9935 |d 9935 | ||
| 942 | |c 15 D |h 862 G-40c |2 z | ||
